[Event "ch-ISR w 2014"]
[Site "Beer-Sheva ISR"]
[Date "2014.06.17"]
[Round "1.1"]
[White "Bejashvili, Irma"]
[Black "Vasiliev, Olga"]
[Result "0-1"]
[BlackTitle "WIM"]
[WhiteElo "1736"]
[BlackElo "2261"]
[WhiteFideId "2810662"]
[BlackFideId "2807602"]
[EventDate "2014.06.17"]

1. d4 Nf6 2. c4 g6 3. Nc3 Bg7 4. e4 d6 5. Nf3 O-O 6. Be2 e5 7. dxe5 dxe5 8. Qxd8
Rxd8 9. Bg5 Re8 10. O-O c6 11. Rad1 h6 12. Be3 Na6 13. a3 Ng4 14. Bc1 Nc5 15. b4
Nb3 16. Be3 a5 17. h3 Nxe3 18. fxe3 axb4 19. axb4 Be6 20. Rb1 Ra3 21. Rb2 Nd2
22. Nxd2 Rxc3 23. Kf2 Ra3 24. c5 Bf6 25. Bc4 Bg5 26. Re1 Rc3 27. Bf1 Ra8 28. Nb1
Rb3 29. Rxb3 Bxb3 30. Nc3 Ra3 31. Kf3 Bc2 32. Nb1 Ra1 33. b5 Rxb1 34. Rxb1 Bxb1
35. b6 Be7 36. Ba6 Bxc5 37. Bxb7 Bxb6 38. Bxc6 Kf8 39. Bd5 Ke7 40. g3 Bd3 41.
Bb3 f6 42. g4 g5 43. Bd1 Kd6 44. Bb3 Kc5 45. Bd5 Bf1 0-1

[Event "ch-ISR w 2014"]
[Site "Beer-Sheva ISR"]
[Date "2014.06.17"]
[Round "1.2"]
[White "Tsifanskaya, Ludmila A"]
[Black "Caspi, Tamar"]
[Result "1-0"]
[WhiteTitle "WIM"]
[WhiteElo "2113"]
[BlackElo "1701"]
[WhiteFideId "2802368"]
[BlackFideId "2811421"]
[EventDate "2014.06.17"]

1. Nf3 d5 2. g3 Nc6 3. d4 Bg4 4. Bg2 Qd7 5. h3 Bh5 6. O-O e6 7. b3 Bg6 8. c4 Nf6
9. Ne5 Nxe5 10. dxe5 Ne4 11. Bf4 c6 12. Qc1 Be7 13. Nc3 Nxc3 14. Qxc3 h5 15.
Rfd1 Qc8 16. cxd5 exd5 17. b4 Bf5 18. b5 Qe6 19. bxc6 bxc6 20. h4 O-O 21. Rac1
Rac8 22. Qa5 Bg4 23. Rd2 Bh3 24. Bf3 Bg4 25. Bh1 g5 26. hxg5 Qf5 27. Qxa7 Bxg5
28. Qe3 Be7 29. Rdc2 d4 30. Qxd4 Ba3 31. Be4 Qe6 32. Rb1 Rfd8 33. Qa4 Bf8 34.
Qb3 c5 35. Qxe6 Bxe6 36. Bg5 Rd4 37. Bf3 Bf5 38. e4 Bxe4 39. Bxe4 Rxe4 40. Bf4
Ra4 41. Rb5 Rca8 42. Be3 Rxa2 43. Rxa2 Rxa2 44. Bxc5 Bxc5 45. Rxc5 Kg7 46. Kg2
Ra4 47. Kh3 Re4 48. f4 Re3 49. Kh4 Ra3 50. Rc7 Re3 51. Kxh5 Rxg3 52. f5 Kg8 53.
Rc8+ Kh7 54. f6 Rg1 55. e6 Rh1+ 56. Kg4 Rg1+ 57. Kh3 Ra1 58. exf7 Ra3+ 59. Kg2
Ra2+ 60. Kf1 Ra6 61. f8=R 1-0

[Event "ch-ISR w 2014"]
[Site "Beer-Sheva ISR"]
[Date "2014.06.17"]
[Round "1.3"]
[White "Len, Irina"]
[Black "Brusilovski, Lena"]
[Result "0-1"]
[WhiteElo "2143"]
[BlackElo "2006"]
[WhiteFideId "2805715"]
[BlackFideId "2803216"]
[EventDate "2014.06.17"]

1. d4 Nf6 2. c4 d6 3. Nc3 g6 4. e4 Bg7 5. f3 O-O 6. Be3 c6 7. Qd2 e5 8. Nge2 Re8
9. O-O-O Qc7 10. g4 b5 11. dxe5 dxe5 12. Ng3 Be6 13. h4 bxc4 14. h5 Na6 15. hxg6
fxg6 16. g5 Nd7 17. Bxc4 Bxc4 18. Qxd7 Re7 19. Qh3 Bf8 20. Nge2 Be6 21. Qh4 Rd8
22. f4 Rxd1+ 23. Rxd1 Rd7 24. fxe5 Rxd1+ 25. Kxd1 Nb4 26. Nc1 Qxe5 27. Qf4 Qg7
28. a3 Qd7+ 29. Ke2 Bc4+ 30. Kf2 Nc2 31. Qb8 Nxe3 32. Kxe3 Kf7 33. Qf4+ Kg8 34.
Qb8 Kf7 35. Qf4+ Kg8 36. Qb8 Qe7 37. Qf4 Qc5+ 38. Kd2 Bd6 39. Qe3 Qb6 40. b3 Be6
41. b4 Be7 42. Qf4 Qd8+ 43. Kc2 Bxg5 44. Qe5 Qd2+ 0-1

[Event "ch-ISR w 2014"]
[Site "Beer-Sheva ISR"]
[Date "2014.06.17"]
[Round "1.4"]
[White "Vardi, Shlomit"]
[Black "Reprun, Nadejda"]
[Result "1/2-1/2"]
[WhiteElo "1974"]
[BlackElo "2109"]
[WhiteFideId "2801442"]
[BlackFideId "2806843"]
[EventDate "2014.06.17"]

1. e4 c6 2. d3 d5 3. Nd2 e5 4. Ngf3 Nd7 5. g3 Ngf6 6. Bg2 Bc5 7. O-O O-O 8. exd5
cxd5 9. c4 e4 10. dxe4 dxe4 11. Ng5 e3 12. Nb3 exf2+ 13. Kh1 Bb6 14. Bf4 Nc5 15.
Bd6 Bg4 16. Nf3 Nxb3 17. axb3 Re8 18. b4 Re1 19. Rxe1 fxe1=Q+ 20. Qxe1 Qxd6 21.
c5 Bxc5 22. bxc5 Qxc5 23. h3 Bxf3 24. Bxf3 Re8 25. Qg1 Qb4 26. Qxa7 Qxb2 27. Rf1
b6 28. Qb7 Qe5 29. Kh2 Qc5 30. Bc6 Rf8 31. Kg2 h6 32. Rf2 Rd8 33. Bf3 Qd4 34.
Re2 Qd6 35. Rf2 Rb8 36. Qa7 b5 37. Bh5 Rf8 38. Be2 Ne4 39. Rf3 Qd2 40. Qe3 Qd5
41. Qb3 Qxb3 42. Rxb3 Rb8 43. Rxb5 Rxb5 44. Bxb5 Kf8 45. h4 Ke7 46. Kf3 Nd6 47.
Bd3 h5 48. Kf4 Kf6 49. Be2 g6 50. Bf3 Ne8 51. Bd1 Nc7 52. Bb3 Ne6+ 53. Ke3 Ke5
54. Bc4 f6 55. Be2 Ng7 56. Kf3 g5 57. hxg5 fxg5 58. Kf2 Ke4 59. Bf3+ Kd4 60. Bc6
Nf5 61. Be8 h4 62. gxh4 Nxh4 63. Kg3 Ke5 64. Bh5 Kf6 65. Bg4 Ng6 1/2-1/2

[Event "ch-ISR w 2014"]
[Site "Beer-Sheva ISR"]
[Date "2014.06.17"]
[Round "1.5"]
[White "Altshul, Limor"]
[Black "Haitovich, Avital"]
[Result "1-0"]
[WhiteElo "1886"]
[BlackElo "1870"]
[WhiteFideId "2812550"]
[BlackFideId "2800306"]
[EventDate "2014.06.17"]

1. c4 e5 2. Nc3 Nf6 3. Nf3 Nc6 4. e3 Bb4 5. Qc2 Bxc3 6. Qxc3 Qe7 7. d3 d5 8. Be2
O-O 9. O-O e4 10. Nd2 Rd8 11. d4 dxc4 12. Bxc4 Be6 13. a3 Bxc4 14. Nxc4 Rd5 15.
b4 a5 16. Rb1 Rb5 17. Bd2 Nd5 18. Qc2 axb4 19. a4 b3 20. Rxb3 Rxb3 21. Qxb3 b6
22. Qb5 Qe6 23. Rc1 Ncb4 24. Nb2 Ra5 25. Qc4 c5 26. Qe2 h6 27. dxc5 Rxc5 28.
Rxc5 bxc5 29. Qb5 Qf6 30. Qe8+ Kh7 31. Qxe4+ g6 32. Qb1 Qa6 33. Qf1 Qf6 34. Nc4
Qa6 35. a5 Kg8 36. e4 Nf6 37. f3 Kh7 38. Be3 Nd7 39. Nb6 Nxb6 40. Qxa6 Nxa6 41.
axb6 Kg8 42. b7 c4 43. Kf2 Kf8 44. Ba7 c3 45. b8=Q+ Nxb8 46. Bxb8 c2 47. Bf4 1-0

[Event "ch-ISR w 2014"]
[Site "Beer-Sheva ISR"]
[Date "2014.06.18"]
[Round "2.1"]
[White "Vasiliev, Olga"]
[Black "Haitovich, Avital"]
[Result "1-0"]
[WhiteTitle "WIM"]
[WhiteElo "2261"]
[BlackElo "1870"]
[WhiteFideId "2807602"]
[BlackFideId "2800306"]
[EventDate "2014.06.17"]

1. e4 c5 2. c3 d5 3. e5 Nc6 4. d4 cxd4 5. cxd4 Qb6 6. Ne2 Bf5 7. a3 e6 8. Nbc3
Rc8 9. Na4 Qc7 10. Ng3 Bg6 11. Be3 a6 12. Rc1 b5 13. Nc3 Qa5 14. Be2 Nge7 15.
O-O Nf5 16. Nxf5 Bxf5 17. g4 Bg6 18. f4 Ne7 19. Qb3 f5 20. exf6 gxf6 21. f5 exf5
22. Nxd5 Rxc1 23. Nxf6+ Kd8 24. Rxc1 Bg7 25. g5 Qb6 26. d5 Qd6 27. Qb4 Qb8 28.
Qa5+ 1-0

[Event "ch-ISR w 2014"]
[Site "Beer-Sheva ISR"]
[Date "2014.06.18"]
[Round "2.2"]
[White "Reprun, Nadejda"]
[Black "Altshul, Limor"]
[Result "1-0"]
[WhiteElo "2109"]
[BlackElo "1886"]
[WhiteFideId "2806843"]
[BlackFideId "2812550"]
[EventDate "2014.06.17"]

1. e4 c5 2. Nf3 d6 3. d4 cxd4 4. Nxd4 Nf6 5. Nc3 a6 6. Be2 e5 7. Nb3 Be7 8. O-O
O-O 9. a4 Be6 10. Bf3 Nbd7 11. Re1 Rc8 12. Nd2 Qa5 13. Nf1 Rfd8 14. Ne3 Rxc3 15.
bxc3 Qxc3 16. Ba3 Nb6 17. Qb1 Qc7 18. Bb4 Nc4 19. Nxc4 Bxc4 20. a5 d5 21. Bxe7
Qxe7 22. exd5 Nxd5 23. Qb2 f6 24. Ra4 Qc7 25. Rd1 e4 26. Qd4 Bd3 27. Rxd3 exd3
28. Bxd5+ Kf8 29. Qxd3 Qe5 30. c4 Qe1+ 31. Qf1 Qc3 32. g3 Re8 33. Ra1 Qb4 34.
Qc1 b6 35. axb6 Qxb6 36. Qa3+ Re7 37. Qxa6 1-0

[Event "ch-ISR w 2014"]
[Site "Beer-Sheva ISR"]
[Date "2014.06.18"]
[Round "2.3"]
[White "Brusilovski, Lena"]
[Black "Vardi, Shlomit"]
[Result "0-1"]
[WhiteElo "2006"]
[BlackElo "1974"]
[WhiteFideId "2803216"]
[BlackFideId "2801442"]
[EventDate "2014.06.17"]

1. e4 d6 2. d4 Nf6 3. Nc3 g6 4. Bg5 Nbd7 5. Bc4 c6 6. Nf3 b5 7. Bd3 b4 8. Ne2 h6
9. Bd2 Qc7 10. Bxb4 c5 11. e5 cxb4 12. exf6 Nxf6 13. Ng3 Bb7 14. O-O Bg7 15. Re1
O-O 16. Ne4 Nd5 17. Qd2 f5 18. Ng3 e5 19. dxe5 dxe5 20. Bf1 a5 21. Rad1 Rad8 22.
Qc1 Rc8 23. Ba6 Bxa6 24. Rxd5 Rcd8 25. Qd2 Bb7 26. Rxd8 Rxd8 27. Qc1 e4 28. Nd2
Bxb2 29. Qxb2 Rxd2 30. Qf6 Qd6 31. Qxd6 Rxd6 32. Nf1 f4 33. g3 g5 34. Rb1 Bc6
35. a3 bxa3 36. h4 a2 37. Ra1 Bb5 38. Nh2 Bc4 39. Ng4 Rb6 0-1

[Event "ch-ISR w 2014"]
[Site "Beer-Sheva ISR"]
[Date "2014.06.18"]
[Round "2.4"]
[White "Caspi, Tamar"]
[Black "Len, Irina"]
[Result "0-1"]
[WhiteElo "1701"]
[BlackElo "2143"]
[WhiteFideId "2811421"]
[BlackFideId "2805715"]
[EventDate "2014.06.17"]

1. e4 d5 2. exd5 Nf6 3. d4 Nxd5 4. Nf3 c6 5. Be2 Bf5 6. a3 e6 7. c4 Nb6 8. O-O
Be7 9. Be3 O-O 10. Nbd2 N8d7 11. Nb3 Qc7 12. Bd3 Bg6 13. Bxg6 hxg6 14. Qe2 Rfe8
15. Rfd1 Rad8 16. Rac1 Bf6 17. Ng5 c5 18. Nxc5 Nxc5 19. dxc5 Na4 20. Ne4 Bxb2
21. Rc2 Be5 22. f4 Bxf4 23. Bxf4 Qxf4 24. Rf1 Qe5 25. Rxf7 Nxc5 26. Nxc5 Qxe2
27. Rxe2 Kxf7 28. Nxb7 Rd3 29. a4 e5 30. c5 Ke6 31. c6 Rc3 32. Rd2 e4 33. Re2
Ke5 34. Rxe4+ Kxe4 35. Nd6+ Ke3 0-1

[Event "ch-ISR w 2014"]
[Site "Beer-Sheva ISR"]
[Date "2014.06.18"]
[Round "2.5"]
[White "Bejashvili, Irma"]
[Black "Tsifanskaya, Ludmila A"]
[Result "0-1"]
[BlackTitle "WIM"]
[WhiteElo "1736"]
[BlackElo "2113"]
[WhiteFideId "2810662"]
[BlackFideId "2802368"]
[EventDate "2014.06.17"]

1. d4 Nf6 2. c4 e5 3. dxe5 Ng4 4. Bf4 Nc6 5. Nf3 Bb4+ 6. Nc3 Qe7 7. Qd5 Bxc3+ 8.
bxc3 h5 9. h3 Nh6 10. g4 Ng8 11. g5 Qa3 12. Qd2 Nge7 13. e3 Ng6 14. Bh2 Qe7 15.
Qd5 Qe6 16. Bg2 Nce7 17. Qxe6 dxe6 18. Nd4 c6 19. Rb1 O-O 20. Bf3 h4 21. Be4 a5
22. O-O a4 23. f4 Ra5 24. Kg2 Nf5 25. Kf3 Nge7 26. Rg1 Rc5 27. Rb4 b5 28. cxb5
Rxc3 29. Nxf5 exf5 30. Bxc6 Nxc6 31. bxc6 Rxc6 32. Rd1 Rc2 33. Bg1 Ba6 34. Re1
Rxa2 35. Bf2 Bd3 36. Bxh4 Be4+ 37. Rxe4 fxe4+ 38. Kxe4 a3 39. g6 Rb2 40. gxf7+
Kxf7 41. Ra1 a2 42. f5 Rb4+ 43. Kd5 Rxh4 44. Rxa2 Rd8+ 45. Kc6 Rc4+ 46. Kb5 Re4
47. Ra7+ Kg8 48. e6 Rxe3 49. Rd7 Rxd7 50. exd7 Rd3 51. Kc6 Kf7 52. Kc7 Ke7 0-1

[Event "ch-ISR w 2014"]
[Site "Beer-Sheva ISR"]
[Date "2014.06.19"]
[Round "3.1"]
[White "Vardi, Shlomit"]
[Black "Caspi, Tamar"]
[Result "0-1"]
[WhiteElo "1974"]
[BlackElo "1701"]
[WhiteFideId "2801442"]
[BlackFideId "2811421"]
[EventDate "2014.06.17"]

1. e4 d5 2. Nc3 dxe4 3. Nxe4 g6 4. Nf3 Bg7 5. Bc4 Nf6 6. Ng3 O-O 7. d4 Nbd7 8.
O-O a6 9. a4 Nb6 10. Bb3 h5 11. h3 Nbd5 12. Re1 e6 13. Bg5 Qd6 14. c4 Nb4 15. c5
Qd8 16. Qd2 Nbd5 17. Bc2 Ne7 18. Bh6 Nf5 19. Bxf5 exf5 20. Rad1 Be6 21. Bxg7
Kxg7 22. Re5 Re8 23. Rde1 Nd5 24. Ng5 Qd7 25. Nxe6+ Rxe6 26. Rxe6 fxe6 27. Qe2
Re8 28. Qe5+ Kh7 29. Ne2 Qg7 30. Nc3 Qxe5 31. Rxe5 Nb4 32. d5 Nd3 33. Rxe6 Rxe6
34. dxe6 Kg7 35. e7 Kf7 36. Nd5 c6 37. Nb6 Kxe7 38. Nc8+ Kd7 39. Nb6+ Ke6 40.
Nc4 Nxc5 41. b4 Nxa4 42. Na5 Kd5 43. Nxb7 Kc4 44. Na5+ Kb5 45. Kf1 Nc3 0-1

[Event "ch-ISR w 2014"]
[Site "Beer-Sheva ISR"]
[Date "2014.06.19"]
[Round "3.2"]
[White "Len, Irina"]
[Black "Bejashvili, Irma"]
[Result "1-0"]
[WhiteElo "2143"]
[BlackElo "1736"]
[WhiteFideId "2805715"]
[BlackFideId "2810662"]
[EventDate "2014.06.17"]

1. d4 Nf6 2. c4 e6 3. Nf3 Bb4+ 4. Bd2 a5 5. Qc2 d5 6. a3 Bxd2+ 7. Nbxd2 Nbd7 8.
e3 O-O 9. Bd3 Re8 10. O-O b6 11. Ne5 Nf8 12. cxd5 exd5 13. Bb5 Re6 14. Ndf3 Ne4
15. Bc6 Ra7 16. b4 f6 17. Nd3 Ng6 18. Rfc1 Ne7 19. Ba4 Ba6 20. Nf4 Rd6 21. b5
Bb7 22. Qxc7 Qe8 23. Qc2 g5 24. Nd3 Bc8 25. Nfe1 Rd8 26. Qb3 Nf5 27. Rc6 Nd2 28.
Qc2 Nc4 29. Rxf6 Kg7 30. Rc6 Rf7 31. Nf3 Nfxe3 32. fxe3 Qxe3+ 33. Nf2 g4 34. Re1
Qxa3 35. Ne5 Nxe5 36. dxe5 Bf5 37. Qc1 Qe7 38. e6 Rf6 39. Rc7 1-0

[Event "ch-ISR w 2014"]
[Site "Beer-Sheva ISR"]
[Date "2014.06.19"]
[Round "3.3"]
[White "Tsifanskaya, Ludmila A"]
[Black "Vasiliev, Olga"]
[Result "1/2-1/2"]
[WhiteTitle "WIM"]
[BlackTitle "WIM"]
[WhiteElo "2113"]
[BlackElo "2261"]
[WhiteFideId "2802368"]
[BlackFideId "2807602"]
[EventDate "2014.06.17"]

1. e4 c5 2. Nf3 e6 3. d3 Nc6 4. g3 d5 5. Nbd2 Nf6 6. Bg2 Be7 7. O-O O-O 8. e5 b5
9. Re1 Nd7 10. Nf1 Qb6 11. h4 Bb7 12. N1h2 Rfc8 13. h5 h6 14. Ng4 Bf8 15. Bf4 a5
16. Qd2 Qd8 17. c3 a4 18. Bxh6 gxh6 19. Nxh6+ Bxh6 20. Qxh6 Qf8 21. Qf4 Qg7 22.
d4 Rf8 23. Bh3 Rae8 24. h6 Qh7 25. Qh4 Kh8 26. Ng5 Qg6 27. Rad1 Ne7 28. h7 Nf5
29. Qf4 Ng7 30. Re3 Bc8 31. Qh4 Qh5 32. Qxh5 Nxh5 33. Rf3 f5 34. exf6 Ndxf6 35.
Re1 Nxh7 36. Rxf8+ Nxf8 37. Nf7+ Kg7 38. Nd6 Rd8 39. Nxb5 c4 40. Nc7 Kf6 41. Nb5
Ng6 42. Bg4 Ng7 43. Bd1 Bd7 44. Na3 Rb8 45. Re2 e5 46. dxe5+ Nxe5 47. Rd2 Bc6
48. f4 Nf7 49. Bf3 Nf5 50. Nxc4 dxc4 51. Bxc6 Nxg3 52. Rg2 Nh5 53. Bxa4 Nxf4 54.
Rd2 Ne5 55. Rg2 Nf7 56. Rd2 Ne5 57. Bd1 Kf5 58. b3 Ke4 59. bxc4 Ke3 60. Rd6 Rb1
61. Kh2 Rb2+ 62. Kh1 Nxc4 63. Rd4 Nd2 64. Rb4 Rxa2 65. Ra4 Rb2 66. Rb4 Ra2 1/2-1/2

[Event "ch-ISR w 2014"]
[Site "Beer-Sheva ISR"]
[Date "2014.06.19"]
[Round "3.4"]
[White "Altshul, Limor"]
[Black "Brusilovski, Lena"]
[Result "1-0"]
[WhiteElo "1886"]
[BlackElo "2006"]
[WhiteFideId "2812550"]
[BlackFideId "2803216"]
[EventDate "2014.06.17"]

1. c4 Nf6 2. Nc3 d6 3. g3 g6 4. Bg2 Bg7 5. e3 c6 6. Nge2 O-O 7. O-O Qc7 8. d4 a5
9. a3 Bd7 10. Rb1 Rd8 11. b4 e5 12. Qb3 a4 13. Nxa4 c5 14. Nac3 exd4 15. exd4
Bf5 16. Rb2 cxd4 17. Nxd4 Bd3 18. Ncb5 Qxc4 19. Rd1 Qxb3 20. Rxb3 Bc4 21. Rc3 d5
22. Bg5 h6 23. Nc7 Ra4 24. Bxf6 Bxf6 25. Rf3 Be5 26. Ncb5 Nc6 27. Nxc6 bxc6 28.
Nd4 Rc8 29. Re3 Bf6 30. Nc2 Rca8 31. Bf1 Ba2 32. Bg2 Bb2 33. b5 d4 34. Re7 Bb3
35. Rd2 Bc3 36. Nxd4 Bxd4 37. bxc6 Kf8 38. Rd7 Bf6 39. c7 Be6 40. Rd8+ Bxd8 41.
Rxd8+ Ke7 42. Rxa8 Rxa8 43. Bxa8 Kd6 44. Kf1 Kxc7 45. Ke2 Kb6 46. Kd3 Kb5 47.
Kc3 Ka4 48. Kb2 Ka5 49. Bc6 Kb6 50. Be8 Kc5 51. Kc3 g5 52. a4 f6 53. Kd3 Bd5 54.
h4 Bb7 55. Ke3 Kc4 56. Bb5+ Kc5 57. Bd3 Bd5 58. a5 Bc6 59. a6 Kb6 60. Kd4 1-0

[Event "ch-ISR w 2014"]
[Site "Beer-Sheva ISR"]
[Date "2014.06.19"]
[Round "3.5"]
[White "Haitovich, Avital"]
[Black "Reprun, Nadejda"]
[Result "1-0"]
[WhiteElo "1870"]
[BlackElo "2109"]
[WhiteFideId "2800306"]
[BlackFideId "2806843"]
[EventDate "2014.06.17"]

1. e4 c6 2. d4 d5 3. exd5 cxd5 4. Bd3 Nc6 5. c3 Nf6 6. Bf4 Bg4 7. Qb3 Qc8 8. Nd2
e6 9. Ngf3 Be7 10. O-O Bh5 11. Ne5 Bg6 12. Nxg6 hxg6 13. Nf3 O-O 14. Ne5 Nd7 15.
Rae1 Ncxe5 16. Bxe5 Nxe5 17. dxe5 b5 18. Re3 Rb8 19. a3 Qc5 20. Rfe1 Rfd8 21.
Rf3 Bg5 22. Rg3 Bh4 23. Rf3 Qe7 24. Rf4 Bg5 25. Rb4 Qc5 26. h4 a5 27. Rd4 Be7
28. Qd1 b4 29. axb4 axb4 30. h5 bxc3 31. bxc3 Qxc3 32. Rg4 Rb4 33. Rg3 Bh4 34.
Rh3 Qd4 35. g3 Bg5 36. hxg6 fxg6 37. Bxg6 Qxd1 38. Rxd1 Rc8 39. f4 Bh6 40. Ra1
Rb3 41. Ra7 Rf8 42. Re7 Rxf4 43. gxf4 1-0

[Event "ch-ISR w 2014"]
[Site "Beer-Sheva ISR"]
[Date "2014.06.20"]
[Round "4.1"]
[White "Vasiliev, Olga"]
[Black "Reprun, Nadejda"]
[Result "1-0"]
[WhiteTitle "WIM"]
[WhiteElo "2261"]
[BlackElo "2109"]
[WhiteFideId "2807602"]
[BlackFideId "2806843"]
[EventDate "2014.06.17"]

1. e4 c6 2. d4 d5 3. e5 c5 4. Nf3 Nc6 5. Bb5 Qa5+ 6. Nc3 e6 7. O-O cxd4 8. Nxd4
Ne7 9. Bg5 Bd7 10. Re1 a6 11. Ba4 b5 12. Bb3 Nxd4 13. Qxd4 Nc6 14. Qg4 Bc5 15.
Rad1 Qb6 16. Bh4 g6 17. Bxd5 exd5 18. e6 Bxe6 19. Nxd5 Qa7 20. Nf6+ Kf8 21. Rxe6
fxe6 22. Nd7+ Kf7 23. Qf3+ Kg8 24. Qxc6 1-0

[Event "ch-ISR w 2014"]
[Site "Beer-Sheva ISR"]
[Date "2014.06.20"]
[Round "4.2"]
[White "Brusilovski, Lena"]
[Black "Haitovich, Avital"]
[Result "0-1"]
[WhiteElo "2006"]
[BlackElo "1870"]
[WhiteFideId "2803216"]
[BlackFideId "2800306"]
[EventDate "2014.06.17"]

1. e4 c5 2. Nf3 d6 3. d4 cxd4 4. Nxd4 Nf6 5. Nc3 g6 6. Be3 Bg7 7. f3 O-O 8. Qd2
Nc6 9. O-O-O d5 10. Nxc6 bxc6 11. Bh6 Bxh6 12. Qxh6 Qa5 13. Qg5 Be6 14. e5 Nd7
15. Qxe7 Nxe5 16. Qd6 Nc4 17. Bxc4 dxc4 18. h4 Rab8 19. a3 Qb6 20. Na4 Qb5 21.
Qb4 Qxb4 22. axb4 Rxb4 23. Nc3 Rfb8 24. Rd6 Rxb2 25. g4 R2b6 26. h5 Kf8 27. hxg6
hxg6 28. Re1 Ke7 29. Rd4 Ra6 30. Kd2 Rd8 31. Re4 Rxd4+ 32. Rxd4 Ra5 33. Nd1 Re5
34. f4 c5 35. fxe5 cxd4 0-1

[Event "ch-ISR w 2014"]
[Site "Beer-Sheva ISR"]
[Date "2014.06.20"]
[Round "4.3"]
[White "Caspi, Tamar"]
[Black "Altshul, Limor"]
[Result "0-1"]
[WhiteElo "1701"]
[BlackElo "1886"]
[WhiteFideId "2811421"]
[BlackFideId "2812550"]
[EventDate "2014.06.17"]

1. e4 c5 2. Nc3 Nc6 3. g3 g6 4. Bg2 Bg7 5. d3 d6 6. f4 e6 7. Nf3 Nge7 8. O-O O-O
9. g4 Rb8 10. Ne2 b5 11. Ng3 b4 12. f5 Nd4 13. Nxd4 Bxd4+ 14. Kh1 exf5 15. gxf5
Nc6 16. Bh6 Re8 17. fxg6 hxg6 18. Qf3 Be6 19. Nf5 Be5 20. Bh3 Kh7 21. Rf2 Bxf5
22. exf5 Kxh6 23. Qxc6 Qh4 24. Qf3 Bd4 25. Qf4+ Qxf4 26. Rxf4 g5 27. Re4 Rxe4
28. dxe4 Re8 29. Re1 Bxb2 30. Bg4 Bd4 31. Kg2 Kg7 32. Kf3 Kf6 33. Re2 Rb8 34.
Re1 Rb6 35. Rd1 Ra6 36. Ke2 Rxa2 37. Kd3 Ra3+ 38. Kc4 Ke5 39. Rd3 Ra2 40. Bd1
Kxe4 41. Bf3+ Kxf5 42. Rxd4 cxd4 43. Kxd4 Kf4 0-1

[Event "ch-ISR w 2014"]
[Site "Beer-Sheva ISR"]
[Date "2014.06.20"]
[Round "4.4"]
[White "Bejashvili, Irma"]
[Black "Vardi, Shlomit"]
[Result "0-1"]
[WhiteElo "1736"]
[BlackElo "1974"]
[WhiteFideId "2810662"]
[BlackFideId "2801442"]
[EventDate "2014.06.17"]

1. d4 Nf6 2. c4 d6 3. Nc3 g6 4. e4 Bg7 5. Nf3 O-O 6. Be2 Nbd7 7. O-O e5 8. Re1
c6 9. Bf1 h6 10. h3 Qe7 11. Be3 Ne8 12. Qc2 b6 13. Rad1 Qf6 14. Qa4 Bb7 15. d5
Nb8 16. b4 c5 17. bxc5 bxc5 18. Rb1 Qe7 19. Rb2 Qc7 20. Reb1 Bc8 21. Nb5 Qd7 22.
Qc2 Na6 23. Nc3 Kh7 24. a3 Rg8 25. Nh2 Nf6 26. Be2 Bf8 27. Qc1 Qc7 28. Bg4 Nxg4
29. Nxg4 Qe7 30. Bxh6 Bxg4 31. Bxf8 Raxf8 32. hxg4 Qh4 33. g5 Kg7 34. g3 Qh5 35.
f4 Rh8 36. Rg2 Qf3 37. Qd2 exf4 38. Rf1 Rh1+ 39. Kxh1 Qxf1+ 40. Rg1 Rh8+ 41. Qh2
Rxh2+ 42. Kxh2 Qxc4 0-1

[Event "ch-ISR w 2014"]
[Site "Beer-Sheva ISR"]
[Date "2014.06.20"]
[Round "4.5"]
[White "Tsifanskaya, Ludmila A"]
[Black "Len, Irina"]
[Result "1/2-1/2"]
[WhiteTitle "WIM"]
[WhiteElo "2113"]
[BlackElo "2143"]
[WhiteFideId "2802368"]
[BlackFideId "2805715"]
[EventDate "2014.06.17"]

1. e4 d5 2. exd5 Qxd5 3. Nc3 Qd8 4. d4 Nf6 5. Nf3 Bg4 6. h3 Bh5 7. g4 Bg6 8. Ne5
e6 9. Bg2 c6 10. Nxg6 hxg6 11. O-O Bd6 12. Re1 Qc7 13. d5 Nxd5 14. Nxd5 cxd5 15.
Qxd5 Nc6 16. Bg5 Bh2+ 17. Kh1 Be5 18. Qb5 Bf6 19. Be3 O-O 20. c3 Rfd8 21. Rad1
Rd7 22. Rxd7 Qxd7 23. Bf3 Qc7 24. Rd1 Rd8 25. Rxd8+ Bxd8 26. Bxc6 bxc6 27. Qd3
Be7 28. b4 1/2-1/2

[Event "ch-ISR w 2014"]
[Site "Beer-Sheva ISR"]
[Date "2014.06.22"]
[Round "5.1"]
[White "Len, Irina"]
[Black "Vasiliev, Olga"]
[Result "0-1"]
[BlackTitle "WIM"]
[WhiteElo "2143"]
[BlackElo "2261"]
[WhiteFideId "2805715"]
[BlackFideId "2807602"]
[EventDate "2014.06.17"]

1. d4 d5 2. Nf3 Nf6 3. Bf4 c5 4. dxc5 e6 5. c4 Bxc5 6. e3 O-O 7. Nc3 Bb4 8. Qb3
Nc6 9. Be2 Bxc3+ 10. Qxc3 Ne4 11. Qa3 dxc4 12. Bxc4 e5 13. Rd1 Qf6 14. Bg3 Bg4
15. Be2 Rad8 16. O-O Bxf3 17. Bxf3 Nd2 18. Rxd2 Rxd2 19. Qc3 Rfd8 20. Be4 Qe6
21. h4 f6 22. Bc2 Kh8 23. a3 Ne7 0-1

[Event "ch-ISR w 2014"]
[Site "Beer-Sheva ISR"]
[Date "2014.06.22"]
[Round "5.2"]
[White "Vardi, Shlomit"]
[Black "Tsifanskaya, Ludmila A"]
[Result "0-1"]
[BlackTitle "WIM"]
[WhiteElo "1974"]
[BlackElo "2113"]
[WhiteFideId "2801442"]
[BlackFideId "2802368"]
[EventDate "2014.06.17"]

1. e4 c5 2. Nc3 Nc6 3. g3 g6 4. Bg2 Bg7 5. Nge2 e6 6. O-O Nge7 7. d3 O-O 8. Be3
Nd4 9. Rb1 Rb8 10. b4 d6 11. a3 Nec6 12. Qd2 e5 13. Nd5 Bg4 14. f3 Be6 15. Nc1
Ne7 16. f4 Bxd5 17. exd5 Nef5 18. Bxd4 cxd4 19. Ne2 Ne3 20. Rfc1 Nxg2 21. Kxg2
Qe7 22. c3 exf4 23. c4 fxg3 24. hxg3 Rfe8 25. Rc2 Qe3 26. Rf1 b6 27. Qd1 Qg5 28.
Rf3 Re3 29. Rxe3 Qxe3 30. Nf4 Qe7 31. Re2 Be5 32. Qf1 Qd7 33. Nh3 h6 34. Nf2 f5
35. Qe1 Rf8 36. c5 bxc5 37. bxc5 f4 38. gxf4 Rxf4 39. Rxe5 dxe5 40. Qxe5 Rf5 41.
Qb8+ Kg7 42. d6 Rxc5 43. Qb4 Qxd6 44. Qb7+ Rc7 45. Qb2 Qc6+ 46. Kg3 Qc3 47. Qb5
Qc5 48. Qb8 Qg5+ 49. Kh2 Qf4+ 0-1

[Event "ch-ISR w 2014"]
[Site "Beer-Sheva ISR"]
[Date "2014.06.22"]
[Round "5.3"]
[White "Altshul, Limor"]
[Black "Bejashvili, Irma"]
[Result "1-0"]
[WhiteElo "1886"]
[BlackElo "1736"]
[WhiteFideId "2812550"]
[BlackFideId "2810662"]
[EventDate "2014.06.17"]

1. c4 e5 2. Nc3 Nf6 3. Nf3 Nc6 4. e3 Bb4 5. Qc2 Bxc3 6. bxc3 e4 7. Ng5 Qe7 8. f3
exf3 9. Nxf3 O-O 10. Bd3 Ne5 11. Nxe5 Qxe5 12. Ba3 d6 13. O-O-O Be6 14. Rdf1 g6
15. Bb2 Nd7 16. Rf3 Qa5 17. h4 Qxa2 18. h5 Ne5 19. hxg6 fxg6 20. Rg3 Rf6 21. Be4
Nxc4 22. Bxg6 Qxb2+ 23. Qxb2 Nxb2 24. Bc2+ Rg6 25. Bxg6 hxg6 26. Kxb2 Kg7 27.
Rf3 a5 28. Ra1 Bd5 29. Rf2 a4 30. d3 Bc6 31. Ka3 Ra5 32. Raf1 Rg5 33. Rf7+ Kh6
34. Rh1+ Rh5 35. Rxh5+ Kxh5 36. e4 Kg4 37. Rxc7 Kf4 38. Rf7+ Ke3 39. Rf3+ Kd2
40. c4 Kc3 41. Rg3 Be8 42. Rf3 b5 43. cxb5 Bxb5 44. Rf6 Bxd3 45. Rxd6 Bxe4 46.
g4 Bc2 47. g5 Kc4 48. Rc6+ Kd3 49. Rxg6 Ke4 50. Rc6 Bb3 51. g6 Kf5 52. g7 Bf7
53. Rc8 Kf6 54. g8=Q 1-0